| 000 | 00625nam a2200205Ia 4500 | ||
|---|---|---|---|
| 001 | 22048 | ||
| 003 | GE_BSU | ||
| 008 | 181216s||||||||xx |||||||||||||| ||und|| | ||
| 040 | _cGE_BSU | ||
| 245 | _aАзия и Африка сегодня. № 11. (724) 2017 | ||
| 245 | _bЕжемесячный научный журнал | ||
| 245 | _cГл. ред. Васильев А. В. | ||
| 260 | _aМосква | ||
| 260 | _c2017 | ||
| 300 | _a80 стр. 29см. | ||
| 653 | _aАзия и Африка сегодня. № 11. (724) 2017 | ||
| 653 | _aПериодика | ||
| 653 | _aპერიოდიკა | ||
| 942 | _cCR | ||
| 999 |
_c54977 _d54977 |
||